000 00596nam a2200229Ia 4500
003 OSt
005 20220928111220.0
006 a|||||r|||| 00| 0
007 ta
008 220927b |||||||| |||| 00| 0 eng d
024 _a52690
037 _cTextual
040 _aSDCL
_cSDCL
_beng
041 _2eng
_aeng
082 _aO152,6Nx, M8
100 _aSingh Umesh Prasad
_9422733
245 0 _aKuber ka abhishap.
260 _aVaranasi
_bShiksha Niketan
_c1988
300 _a68p
_ccm.
942 _hO152,6Nx, M8
_cTEXL
_2CC
999 _c739137
_d739137